000 00669nam a2200241Ia 4500
003 OSt
005 20221007104542.0
006 a|||||r|||| 00| 0
007 ta
008 221006b |||||||| |||| 00| 0 eng d
024 _a16,163
037 _cTextual
040 _aLCO
_cLCO
_beng
041 _2eng
_aeng
082 _aZ2,7,2, M6
100 _aGalligan D.J
_9118324
245 0 _aDiscretionary Powers
_b Legal Study of Official Discretion
260 _aNew
_bYork Oxford University Press US
_c1986
300 _a401
650 _aDISCRETIONARY POWERS
_9706140
942 _hZ2,7,2, M6
_cTEXL
999 _c1185726
_d1185726